00711cam a2200217 a 450000100060000000300080000600500170001400800410003103500180007203500190009004000360010904100080014508200240015324501330017726000280031030000560033850400300039465000270042470000300045171000120048135171BD-RjUL20211209052255.0140521s1963 fr af b 000 0 eng d a(OCoLC)282399 a(BD-RjUL)35265 aDLCcOYesAdOCoLCdBD-RjULbeng aeng a396.0959bWOM 196300aWomen in the new Asia :bthe changing social roles of men and women in South and South-ea /st Asia /cedited by Barbara E. Ward. aParis :bUnesco,c1963. a[14] 529 p., [8] leaves of plates :bill. ;c21 cm. aBibliography: p. 527-529. 0aWomenzSoutheast Asia.1 aWard, Barbara E.,d-1983.2 aUnesco.